|
|
|
|
| LEADER |
01035nam a2200325 4500 |
| 001 |
DLU110130705 |
| 005 |
##20111223 |
| 040 |
# |
# |
|a DLU
|b eng
|
| 041 |
# |
# |
|a eng
|
| 044 |
# |
# |
|a gw
|
| 245 |
# |
# |
|a Current-voltage characteristics of bulk heterojunction organic solar cells : Connection between light and dark curves /
|c Pablo P. Boix ... [et al.].
|
| 653 |
# |
# |
|a Current-voltage
|
| 653 |
# |
# |
|a Impedance spectroscopy
|
| 653 |
# |
# |
|a Organic photovoltaics
|
| 653 |
# |
# |
|a Recombination resistance
|
| 700 |
# |
# |
|a Bisquert, Juan.
|
| 700 |
# |
# |
|a Boix, Pablo P.
|
| 700 |
# |
# |
|a Garcia-Belmonte, Germa.
|
| 700 |
# |
# |
|a Guerrero, Antonio.
|
| 700 |
# |
# |
|a Marchesi, Luis F.
|
| 773 |
# |
# |
|t Advanced Energy Materials
|g Vol. 1, no. 6 (November 2011), p. 1073-1078
|
| 920 |
# |
# |
|a Phòng Tạp chí -- Trung tâm Thông tin - Thư viện Trường Đại học Đà Lạt
|
| 994 |
# |
# |
|a DLU
|
| 900 |
# |
# |
|a True
|
| 911 |
# |
# |
|a Trương Bảo Trâm Anh
|
| 925 |
# |
# |
|a G
|
| 926 |
# |
# |
|a A
|
| 927 |
# |
# |
|a BB
|
| 980 |
# |
# |
|a Thư viện Trường Đại học Đà Lạt
|